República Dominicana y la convención de Lomé / Rayén Quiroga Martínez (Registro nro. 5280)

Detalles MARC
000 -LEADER
fixed length control field 00519nam a22001811a 4500
001 - CONTROL NUMBER
control field 5280
003 - CONTROL NUMBER IDENTIFIER
control field OSt
005 - DATE AND TIME OF LATEST TRANSACTION
control field 20260204212009.0
008 - FIXED-LENGTH DATA ELEMENTS--GENERAL INFORMATION
fixed length control field 051212s1988||||dr ||||||b||||||||||spa||
050 ## - LIBRARY OF CONGRESS CALL NUMBER
Classification number RD 339 Q48r
100 ## - ASIENTO PRINCIPAL -- NOMBRE PERSONAL
Personal name Quiroga Martínez, Rayén
245 ## - TÍTULO PROPIAMENTE DICHO: SUBTÍTULO
Title República Dominicana y la convención de Lomé / Rayén Quiroga Martínez
264 ## - PRODUCTION, PUBLICATION, DISTRIBUTION, MANUFACTURE, AND COPYRIGHT NOTICE
Place of production, publication, distribution, manufacture Santo Domingo : Fundación Friedrich
300 ## - PHYSICAL DESCRIPTION
Extensión 65 p
490 ## - MENCIÓN DE SERIE
Series statement Estudios Económicos - Sociales
650 ## - ASIENTO SECUNDARIO DE MATERIA -- TERMINO TEMÁTICO
Termino Temático Como Elemento de Entrada 1.Economía InternacionalÌ
942 ## - ADDED ENTRY ELEMENTS (KOHA)
Source of classification or shelving scheme Dewey Decimal Classification
Koha item type Libros
Existencias
Withdrawn status Lost status Source of classification or shelving scheme Damaged status Not for loan Current library Date acquired Full call number Barcode Date last seen Price effective from Koha item type
    Dewey Decimal Classification Descartado para donación   Biblioteca UTECO 09/09/2019 RD 339 Q48R 009710 09/09/2019 09/09/2019 Libros
© 2021 Derechos Reservados UTECO - Teléfono: +1 809-585-2291 - Correo electrónico: biblioteca@uteco.edu.do​  
Código postal 43000 ​​
Dirección: Avenida Universitaria No. 100, 
Cotuí, Provincia Sánchez Ramírez, República Dominicana - RNC: 404-00059-6